Statistics for 日本百貨店協会に加盟する百貨店

Click here to take the quiz!

General Stats

  • This quiz has been taken 58 times
  • The average score is 22 of 54

Answer Stats

主な店舗Answer% Correct
日本橋本店・銀座店三越
92%
池袋本店・渋谷店など西武
90%
大阪店・新宿店など髙島屋
90%
うめだ本店・高槻など阪急百貨店
88%
梅田本店・阪神御影など阪神百貨店
81%
新宿店・聖蹟桜ヶ丘店京王百貨店
79%
奈良店・名古屋店など近鉄百貨店
79%
横浜店・千葉店などそごう
79%
新宿店・立川店など伊勢丹
75%
池袋店・船橋店など東武百貨店
75%
新宿店・町田店など小田急百貨店
75%
横浜上大岡京急百貨店
71%
名古屋店・上野店など松坂屋
69%
心斎橋店・梅田店など大丸
69%
守口店・くずはモール店など京阪百貨店
69%
本店(名古屋)・一宮店(2024年1月末閉店予定)名鉄百貨店
65%
吉祥寺店・さっぽろ店など東急百貨店
63%
銀座・浅草松屋
56%
水戸京成百貨店
52%
岡山本店・倉敷店など天満屋
50%
浜松遠鉄百貨店
44%
姫路山陽百貨店
35%
札幌本店・函館店丸井今井
35%
香林坊店・富山店大和
35%
松江(2024年1月閉店)一畑百貨店
35%
川越店・飯能店など丸広百貨店
33%
横須賀店・藤沢店などさいか屋
31%
松菱
29%
本店(小倉)・山口井筒屋
27%
鹿児島・宮崎など山形屋
27%
八丁堀本店・広島駅前店など福屋
27%
仙台藤崎
25%
熊本鶴屋
25%
青森本店・弘前店などさくら野百貨店
25%
本店(大分)・別府店などトキハ
25%
加古川ヤマトヤシキ
25%
郡山うすい百貨店
25%
本店(福岡)・久留米岩田屋
23%
佐賀・佐世保玉屋
21%
那覇リウボウ
21%
京都藤井大丸
19%
前橋店・高崎店スズラン
19%
長崎浜屋
19%
帯広 ※休業中藤丸
19%
甲府岡島
19%
立川・蒲田グランデュオ
17%
熊谷八木橋百貨店
17%
松本井上百貨店
15%
金沢丸越百貨店
13%
盛岡川徳
13%
鳥取丸由百貨店
6%
大仙タカヤナギ
6%
札幌丸ヨ池内
6%
銀座マロニエゲート
4%

Score Distribution

Percentile by Number Answered

Percent of People with Each Score

Your Score History

You have not taken this quiz